| 000 | 01472cam a2200409 a 4500 | ||
|---|---|---|---|
| 001 | 89177 | ||
| 005 | 20230410115846.0 | ||
| 008 | 090423s2009 fr ak b 000 0 fre | ||
| 010 | _a2009431979 | ||
| 035 | _a(OCoLC)ocn319497445 | ||
| 040 |
_aDLC _cDLC _dTZT _dABI |
||
| 020 | _a9782200243135 | ||
| 020 | _a2200243138 | ||
| 029 | 1 |
_aTZT _bJTL00247980 |
|
| 029 | 1 |
_aGBVCP _b59783931X |
|
| 035 | _a(OCoLC)319497445 | ||
| 043 | _ae-fr--- | ||
| 050 | 1 | 4 |
_aHN 440 _bF815 2009 |
| 082 | 0 | 0 | _a300 |
| 245 | 0 | 3 |
_aLa France á travers ses valeurs / _csous la direction de Pierre Bréchon et Jean-François Tchernia. |
| 260 |
_aParis : _bArmand Colin, _c2009. |
||
| 300 |
_a319 p. : _bill., forms.; _c23 cm. |
||
| 504 | _aIncludes bibliographical references. | ||
| 505 | 0 | _aApparenances et identites-- Sociabilite et lien social-- Morale individuelle et normes sociales-- Environnement, nature, techniques-- Famille-- Travail-- Economie-- Religion-- Politique. | |
| 650 | 0 |
_aSocial values _zFrance. |
|
| 651 | 0 |
_aFrance _xSocial life and customs. |
|
| 651 | 0 |
_aFrance _aValues _aSociological Study |
|
| 650 | 0 |
_aBeneficios sociales _zFrancia |
|
| 651 | 4 |
_aFrancia _xVida social y costumbre |
|
| 651 | 4 |
_aFrancia _xBeneficios _ Estudio sociológico |
|
| 700 | 1 |
_aBrechon, Pierre, _d1947- |
|
| 700 | 1 | _aTchernia, Jean-François. | |
| 938 |
_aJean Touzot Libraire Editeur _bTOUZ _nJTL00247980 _c19,90 EUR |
||
| 942 |
_2lcc _cbk |
||
| 994 |
_aC0 _bDRFGD |
||
| 946 | _ardc | ||
| 999 |
_c49328 _d49328 |
||